|
|
|
|
| LEADER |
00804nam a2200253 4500 |
| 001 |
DLU180187316 |
| 005 |
##20180924 |
| 040 |
# |
# |
|a DLU
|b vie
|
| 041 |
# |
# |
|a vie
|
| 044 |
# |
# |
|a vn
|
| 100 |
# |
# |
|a Trần Nguyễn Tuyên.
|
| 245 |
# |
# |
|a Cách mạng tháng Mười Nga đối với phong trào cách mạng thế giới /
|c Trần Nguyễn Tuyên.
|
| 653 |
# |
# |
|a Cách mạng tháng Mười Nga
|
| 653 |
# |
# |
|a Phong trào cách mạng thế giới
|
| 773 |
# |
# |
|t Nghiên cứu Châu Âu
|g Số 10(207), 2017, tr. 12-22
|
| 920 |
# |
# |
|a Phòng Tạp chí -- Trung tâm Thông tin - Thư viện Trường Đại học Đà Lạt
|
| 994 |
# |
# |
|a DLU
|
| 900 |
# |
# |
|a True
|
| 911 |
# |
# |
|a Nguyễn Thị Thu Phương
|
| 925 |
# |
# |
|a G
|
| 926 |
# |
# |
|a A
|
| 927 |
# |
# |
|a BB
|
| 980 |
# |
# |
|a Thư viện Trường Đại học Đà Lạt
|